Mezinárodní cestovní ruch
Vývoj medzinárodného cestovného ruchu. Trendy rozvoja medzinárodného cestovného ruchu v Európe. Bezpečnosť a istota. Vplyvy globalizácie. Trendy v dopyte európskych turistov. Cestovný ruch - dovolenky. Kongresový cestovný ruch. Česká republika v medzinárodnom kontexte.
Gespeichert in:
| 1. Verfasser: | |
|---|---|
| Format: | Buchkapitel |
| Sprache: | Tschechisch |
| Schlagworte: | |
| Tags: |
Keine Tags, Fügen Sie das erste Tag hinzu!
|
MARC
| LEADER | 00000naa$a2200000$$$4500 | ||
|---|---|---|---|
| 001 | 0050569 | ||
| 005 | 20240502083132.7 | ||
| 041 | 0 | |a cze | |
| 044 | |a CZ | ||
| 245 | 1 | 0 | |a Mezinárodní cestovní ruch |c Ľudmila Novacká |
| 520 | |a Vývoj medzinárodného cestovného ruchu. Trendy rozvoja medzinárodného cestovného ruchu v Európe. Bezpečnosť a istota. Vplyvy globalizácie. Trendy v dopyte európskych turistov. Cestovný ruch - dovolenky. Kongresový cestovný ruch. Česká republika v medzinárodnom kontexte. | ||
| 610 | 2 | 0 | |a ruch cestovný medzinárodný |
| 610 | 2 | 0 | |a dovolenka |
| 610 | 2 | 0 | |a ruch cestovný kongresový |
| 610 | 2 | 0 | |a turistika |
| 610 | 2 | 0 | |a bezpečnosť |
| 610 | 2 | 0 | |a globalizácia |
| 610 | 2 | 0 | |a dopyt |
| 610 | 2 | 0 | |a Európa |
| 610 | 2 | 0 | |a Česko |
| 610 | 2 | 0 | |a svet |
| 100 | 1 | |a Novacká, Ľudmila, 1953- | |